Central Library OPAC University of Rajshahi

Social life in Britain from the conquest to the Reformation / (Record no. 24607)

MARC details
000 -LEADER
fixed length control field 00824nam a2200253 a 4500
001 - CONTROL NUMBER
control field 24607
003 - CONTROL NUMBER IDENTIFIER
rucl marc code BD-RjUL
005 - DATE AND TIME OF LATEST TRANSACTION
control field 20211209001055.0
008 - FIXED-LENGTH DATA ELEMENTS--GENERAL INFORMATION
fixed length control field 140313r19561918enkfh 001 0 eng d
035 ## - SYSTEM CONTROL NUMBER
System control number (BD-RjUL)24676
040 ## - CATALOGING SOURCE
Original cataloging agency DLC
Transcribing agency TXA
Language of cataloging eng
Modifying agency BD-RjUL
041 ## - LANGUAGE CODE
Language code of text/sound track or separate title eng
082 ## - DEWEY DECIMAL CLASSIFICATION NUMBER
Classification number 942
Author mark and year SOC 1958
100 1# - MAIN ENTRY--PERSONAL NAME
Personal name Coulton, G. G.
Fuller form of name (George Gordon),
Dates associated with a name 1858-1947.
9 (RLIN) 63606
245 10 - TITLE STATEMENT
Title Social life in Britain from the conquest to the Reformation /
Statement of responsibility, etc. compiled by G.G. Coulton.
260 ## - PUBLICATION, DISTRIBUTION, ETC. (IMPRINT)
Place of publication, distribution, etc. London :
Name of publisher, distributor, etc. Cambridge at the University Press,
Date of publication, distribution, etc. 1918 [Reprinted 1956]
300 ## - PHYSICAL DESCRIPTION
Pagination xx, 566 p. :
Illustrations ill., facsims. ;
Size 24 cm.
504 ## - BIBLIOGRAPHY, ETC. NOTE
Bibliography, etc Includes index.
650 #0 - SUBJECT ADDED ENTRY--TOPICAL TERM
Topical term or geographic name as entry element Literature, Medieval.
9 (RLIN) 75744
651 #0 - SUBJECT ADDED ENTRY--GEOGRAPHIC NAME
Geographic name Great Britain
General subdivision Social life and customs.
9 (RLIN) 75745
942 ## - ADDED ENTRY ELEMENTS (KOHA)
Source of classification or shelving scheme Dewey Decimal Classification
Koha item type Books
Holdings
Lost status Source of classification or shelving scheme Damaged status Not for loan Collection code Permanent Location Current Location Shelving location Date acquired Source of acquisition Cost, normal purchase price Total Checkouts Full call number Date last seen Copy number Koha item type
  Dewey Decimal Classification     Non-fiction Central Library, University of Rajshahi Central Library, University of Rajshahi   18/06/1965 Sweets & Zeitlinger 31.50   942 SOC 1958 13/03/2014 C-2 Books
  Dewey Decimal Classification     Non-fiction Central Library, University of Rajshahi Central Library, University of Rajshahi   18/06/1965 Sweets & Zeetlinger 37.50   942 SOC 1956 13/11/2016 C-3 Books